[Event "TCh-TUR Super League 2015"]
[Site "Kocaeli TUR"]
[Date "2015.08.13"]
[Round "11.4"]
[Board "6"]
[White "Bortnyk, Olexandr"]
[Black "Sanal, Vahap"]
[Result "1-0"]
[WhiteTitle "IM"]
[BlackTitle "IM"]
[WhiteElo "2553"]
[BlackElo "2510"]
[WhiteTeam "Istanbul Technical University Sports Club"]
[BlackTeam "Deniz Su Aquamatch Satranc Genclik Ve Sports Club"]
[WhiteFideId "14120828"]
[BlackFideId "6300545"]
[EventDate "2015.08.04"]

1. e4 e5 2. Nf3 Nc6 3. Bc4 Nf6 4. Ng5 d5 5. exd5 Na5 6. Bb5+ c6 7. dxc6 bxc6 8.
Bd3 Nd5 9. Nf3 Bd6 10. O-O Nf4 11. Re1 Nxd3 12. cxd3 O-O 13. b3 f6 14. Nc3 c5
15. Ne4 Ba6 16. Ba3 Nb7 17. b4 Bxd3 18. bxc5 Bxe4 19. Qb3+ Kh8 20. cxd6 Na5 21.
Qe3 Bd5 22. Qd3 Bb7 23. Rac1 e4 24. Rxe4 Bxe4 25. Qxe4 Qd7 26. Rc7 Qe8 27. Qxe8
Rfxe8 28. d7 Reb8 29. h4 Nb7 30. Be7 Kg8 31. Nd4 Nd8 32. Bxd8 Rxd8 33. Nc6 Rf8
34. Rc8 1-0

[Event "TCh-TUR Super League 2015"]
[Site "Kocaeli TUR"]
[Date "2015.08.13"]
[Round "11.4"]
[Board "7"]
[White "Tuncer, Tuna"]
[Black "Aydincelebi, Kagan"]
[Result "1/2-1/2"]
[BlackTitle "FM"]
[WhiteElo "2175"]
[BlackElo "1977"]
[WhiteTeam "Deniz Su Aquamatch Satranc Genclik Ve Sports Club"]
[BlackTeam "Istanbul Technical University Sports Club"]
[WhiteFideId "6349269"]
[BlackFideId "6361102"]
[EventDate "2015.08.04"]

1. e4 c5 2. Nf3 Nc6 3. d4 cxd4 4. Nxd4 g6 5. Nc3 Bg7 6. Be3 Nf6 7. Bc4 O-O 8.
Bb3 d5 9. exd5 Na5 10. Nde2 a6 11. Qd2 b5 12. Rd1 Bb7 13. Bh6 Nxb3 14. axb3 b4
15. Na4 Qxd5 16. Bxg7 Kxg7 17. Qxd5 Bxd5 18. f3 e6 19. Rd4 a5 20. Nb6 Rab8 21.
Nxd5 Nxd5 22. Kd2 Rfc8 23. Ra1 Rc5 24. Rc4 Rbc8 25. Rxa5 Rxc4 26. bxc4 Rxc4 27.
g3 Rc7 28. Nc1 Rb7 29. Nd3 h5 30. Rc5 Kf6 31. Rc4 Ke7 32. Rd4 Kd6 33. Kc1 e5 34.
Re4 f6 35. Kb1 Rb8 36. f4 exf4 37. gxf4 Rb7 38. Rd4 h4 39. Ka2 b3+ 40. cxb3 g5
41. fxg5 fxg5 42. b4 Rg7 43. Kb3 Ke6 44. Kc4 Nb6+ 45. Kb5 Nc8 46. Kc6 Na7+ 47.
Kc5 g4 48. Re4+ Kf5 49. Re5+ Kf6 50. Re1 g3 51. hxg3 hxg3 52. Nf4 Rg5+ 53. Kb6
Nb5 54. Rg1 Kf7 55. Ne2 g2 56. Nf4 Nd4 57. Ka6 Rb5 58. Nd3 Rg5 59. Nf4 Rb5 60.
Rxg2 Rxb4 61. Nd3 Rb3 62. Rd2 Nc6 63. Nc5 Rb4 64. b3 Nb8+ 65. Ka5 Nc6+ 66. Ka6
Nb8+ 1/2-1/2

[Event "TCh-TUR Super League 2015"]
[Site "Kocaeli TUR"]
[Date "2015.08.13"]
[Round "11.4"]
[Board "8"]
[White "Hereklioglu, Sude"]
[Black "Menzi, Nezihe Ezgi"]
[Result "1/2-1/2"]
[WhiteTitle "WCM"]
[BlackTitle "WFM"]
[WhiteElo "1796"]
[BlackElo "1913"]
[WhiteTeam "Istanbul Technical University Sports Club"]
[BlackTeam "Deniz Su Aquamatch Satranc Genclik Ve Sports Club"]
[WhiteFideId "6359531"]
[BlackFideId "6310060"]
[EventDate "2015.08.04"]

1. e4 c5 2. Nf3 e6 3. g3 d6 4. Bg2 Nf6 5. Nc3 Be7 6. O-O O-O 7. b3 a6 8. Bb2 Qc7
9. a4 Nbd7 10. Ne1 Rb8 11. g4 b5 12. g5 Ne8 13. Qg4 bxa4 14. Nxa4 c4 15. bxc4
Nc5 16. Bc3 e5 17. Qg3 Ne6 18. Nd3 Bxg5 19. c5 Bf4 20. cxd6 Qxd6 21. Nxf4 Nxf4
22. Kh1 Be6 23. Rfd1 f6 24. d4 Ne2 25. Qe3 Nxd4 26. Bxd4 exd4 27. Rxd4 Qc7 28.
Qd3 a5 29. Qa6 Bc8 30. Qc4+ Qxc4 31. Rxc4 Nd6 32. Rc5 Bb7 33. f3 Rfc8 34. Kg1
Nc4 35. Bf1 Ne5 36. Be2 Nd7 37. Bc4+ Kf8 38. Rxc8+ Bxc8 39. Bb3 Ne5 40. Kf2 Ke7
41. Nc3 Nc6 42. Nd5+ Kd6 43. Ne3 Kc5 44. Bd5 Ra8 45. Nc4 Bd7 46. Bxc6 Bxc6 47.
Nxa5 Kb5 48. Nb3 Rxa1 49. Nxa1 Kc4 50. Ke3 Bd7 51. f4 Kc3 52. e5 fxe5 53. fxe5
Kc4 54. Nb3 Kd5 55. Kf4 h6 56. h4 g5+ 57. hxg5 hxg5+ 58. Kxg5 Kxe5 59. c3 1/2-1/2

[Event "TCh-TUR Super League 2015"]
[Site "Kocaeli TUR"]
[Date "2015.08.13"]
[Round "11.5"]
[Board "1"]
[White "Annaberdiev, Meilis"]
[Black "Yurtsever, Senel"]
[Result "1-0"]
[WhiteTitle "IM"]
[WhiteElo "2417"]
[BlackElo "1843"]
[WhiteTeam "Akdeniz Belediyesi Sports Club"]
[BlackTeam "Pamukkale Yonetimi Bilisim Sistemleri Zeka"]
[WhiteFideId "14000563"]
[BlackFideId "6390005"]
[EventDate "2015.08.04"]

1. Nf3 d5 2. g3 c5 3. Bg2 Nc6 4. d4 e6 5. O-O Nf6 6. c4 dxc4 7. Qa4 Bd7 8. dxc5
Bxc5 9. Qxc4 Qb6 10. Nc3 Na5 11. Qh4 Be7 12. Ne5 Bc6 13. Nxc6 Nxc6 14. Be3 Qb4
15. Qxb4 Bxb4 16. Rac1 Bxc3 17. Bxc6+ bxc6 18. Rxc3 Kd7 19. Rfc1 Rhc8 20. Bd4
Nd5 21. Ra3 f6 22. Bxa7 e5 23. Rc4 Rc7 24. Bc5 Rxa3 25. Bxa3 Ra7 26. Rc2 Ra6 27.
Rd2 e4 28. f3 f5 29. fxe4 fxe4 30. Rd4 e3 31. Re4 Ra5 32. Re5 Ra4 33. Rh5 Nf6
34. Rh4 Ra6 35. Rb4 Ke6 36. Rb7 Nd5 37. Rxg7 c5 38. Rxh7 Ke5 39. Rh5+ Kd4 40.
Rh4+ Ke5 41. Bxc5 Rxa2 42. Bd4+ Kf5 43. Rh5+ Ke4 44. Bg7 Ra1+ 45. Kg2 Re1 46.
Re5+ Kd4 47. Kf3 Rf1+ 48. Kg4 Rf2 49. h4 Rxe2 50. h5 Rh2 51. h6 Kc4 52. b3+ Kc5
53. Kg5 Kd6 54. Re4 e2 55. g4 Ne7 56. Bf8 1-0

[Event "TCh-TUR Super League 2015"]
[Site "Kocaeli TUR"]
[Date "2015.08.13"]
[Round "11.5"]
[Board "2"]
[White "Oz, Ozan"]
[Black "Annaberdiyev, Babageldi"]
[Result "0-1"]
[BlackTitle "FM"]
[WhiteElo "1807"]
[BlackElo "2234"]
[WhiteTeam "Pamukkale Yonetimi Bilisim Sistemleri Zeka"]
[BlackTeam "Akdeniz Belediyesi Sports Club"]
[WhiteFideId "6349188"]
[BlackFideId "14000385"]
[EventDate "2015.08.04"]

1. d4 c5 2. d5 e5 3. e4 d6 4. Nc3 a6 5. a4 b6 6. Nf3 Bg4 7. Be2 Bxf3 8. Bxf3 Be7
9. Be3 Bg5 10. Qd2 Bxe3 11. fxe3 Ne7 12. Ne2 Nd7 13. c4 a5 14. Ng3 O-O 15. Ke2
Ra7 16. Kd3 f5 17. exf5 Nxf5 18. Nxf5 Rxf5 19. Bg4 e4+ 20. Kc2 Rf6 21. Be6+ Kh8
22. Bxd7 Rxd7 23. Raf1 Rdf7 24. Rf4 g5 25. Rxf6 Qxf6 26. Kd1 Kg8 27. Ke1 g4 28.
Qe2 Qh4+ 29. g3 Qg5 30. Rf1 Rf3 31. Kd2 Qf6 32. Ke1 Kf7 33. Rxf3 Qxf3 34. Kd2
Kg6 35. Qd1 h5 36. Qe1 Qg2+ 37. Qe2 Qg1 38. Kc3 Kg5 39. Kb3 h4 40. gxh4+ Kxh4
41. Ka3 Kh3 42. Ka2 Qxh2 43. Qf1+ Qg2 44. Qf4 Qf3 45. Qxd6 Qxe3 46. Qe6 Qd3 47.
d6 e3 48. d7 e2 49. Qd5 Qxd5 50. cxd5 e1=Q 51. d8=Q Qd1 52. Qd7 Kh2 53. d6 g3
54. Qh7+ Kg1 55. Qb1 Qxb1+ 56. Kxb1 g2 57. d7 Kf2 58. d8=Q g1=Q+ 59. Ka2 Qg6 60.
Qd2+ Kf3 61. Kb3 Qc6 62. Qd1+ Kf4 63. Qf1+ Ke5 64. Qe2+ Kd6 65. Qh2+ Kd7 66.
Qh7+ Kc8 67. Qg8+ Kb7 68. Qf7+ Qc7 69. Qd5+ Ka7 70. Qc4 Qe7 71. Kc2 Kb7 72. Kb3
Qd7 73. Qe4+ Kc7 74. Qf4+ Kc6 75. Kc4 Qe6+ 76. Kc3 Qe1+ 77. Kb3 Qe6+ 78. Kc3 b5
79. Qf3+ Kb6 80. axb5 a4 81. Kc2 Qc4+ 82. Kb1 Qxb5 83. Qf6+ Qc6 84. Qd8+ Qc7 85.
Qf6+ Kb5 86. Qf1+ c4 87. Qf5+ Kb6 88. Qf6+ Qc6 89. Qd4+ Ka6 90. Kc2 Qe6 91. Qc5
Qe4+ 92. Kc1 Qe1+ 93. Kc2 Qe6 94. Qb4 Qe2+ 95. Kc1 Qf1+ 96. Kc2 Qd3+ 97. Kc1 Qb3
98. Qc5 Qb5 99. Qd6+ Qb6 100. Qa3 Qh6+ 101. Kc2 Kb5 102. Qc3 Qg6+ 103. Kc1 Qg1+
104. Kc2 Qg2+ 105. Kb1 Qf1+ 106. Ka2 Qd3 107. Qe5+ Kb6 108. Qe6+ Kc5 109. Qe7+
Kd4 110. Qd7+ Ke3 111. Qxa4 Kd2 112. Qa5+ Kc2 113. Qa4+ Kc1 114. b3 c3 115. Ka3
Kb1 116. Qh4 c2 0-1

[Event "TCh-TUR Super League 2015"]
[Site "Kocaeli TUR"]
[Date "2015.08.13"]
[Round "11.5"]
[Board "3"]
[White "Dogan, Nazmi Can"]
[Black "Erkan, Basar"]
[Result "1-0"]
[WhiteElo "2213"]
[BlackElo "1668"]
[WhiteTeam "Akdeniz Belediyesi Sports Club"]
[BlackTeam "Pamukkale Yonetimi Bilisim Sistemleri Zeka"]
[WhiteFideId "6309658"]
[BlackFideId "6349790"]
[EventDate "2015.08.04"]

1. Nf3 f5 2. g3 Nf6 3. Bg2 g6 4. O-O Bg7 5. d4 O-O 6. c4 e6 7. Nc3 d6 8. b3 Nbd7
9. Bb2 Ne4 10. Qc2 Nxc3 11. Bxc3 Nf6 12. Nd2 d5 13. Rad1 Ne4 14. Nxe4 fxe4 15.
f3 exf3 16. Bxf3 c6 17. e4 Bh6 18. Qg2 dxc4 19. bxc4 Bg7 20. e5 Bd7 21. Rb1 Qc7
22. Bb4 Rf7 23. Bd6 Qc8 24. h4 Bf8 25. c5 Bxd6 26. cxd6 Rb8 27. Be4 Qf8 28. Qd2
Rxf1+ 29. Rxf1 Qg7 30. Qg5 Rf8 31. Rxf8+ Qxf8 32. h5 Be8 33. hxg6 hxg6 34. Bxg6
Qg7 35. d7 Bxd7 36. Qd8+ 1-0

[Event "TCh-TUR Super League 2015"]
[Site "Kocaeli TUR"]
[Date "2015.08.13"]
[Round "11.5"]
[Board "6"]
[White "Komut, Kaan"]
[Black "Ozer, Omer Faruk"]
[Result "0-1"]
[WhiteElo "1919"]
[BlackElo "2067"]
[WhiteTeam "Pamukkale Yonetimi Bilisim Sistemleri Zeka"]
[BlackTeam "Akdeniz Belediyesi Sports Club"]
[WhiteFideId "6309992"]
[BlackFideId "6354564"]
[EventDate "2015.08.04"]

1. e4 c5 2. Nf3 e6 3. d4 cxd4 4. Nxd4 Nf6 5. Bd3 Nc6 6. Nf3 Be7 7. O-O d6 8. b3
O-O 9. Bb2 Qc7 10. c4 Bd7 11. Nc3 a6 12. Qe2 Rac8 13. Rac1 Qb8 14. Bb1 Ne5 15.
Ba3 Rfe8 16. Rfd1 b5 17. Nxe5 dxe5 18. Bxe7 Rxe7 19. cxb5 axb5 0-1

[Event "TCh-TUR Super League 2015"]
[Site "Kocaeli TUR"]
[Date "2015.08.13"]
[Round "11.5"]
[Board "8"]
[White "Celik, Eda"]
[Black "Temel, Burcu Melis"]
[Result "0-1"]
[BlackTitle "WCM"]
[WhiteElo "1656"]
[BlackElo "1878"]
[WhiteTeam "Pamukkale Yonetimi Bilisim Sistemleri Zeka"]
[BlackTeam "Akdeniz Belediyesi Sports Club"]
[WhiteFideId "6351727"]
[BlackFideId "6345492"]
[EventDate "2015.08.04"]

1. e4 c5 2. Nf3 e6 3. d4 cxd4 4. Nxd4 Nf6 5. Nc3 Nc6 6. Nxc6 bxc6 7. Bd3 e5 8.
O-O Bc5 9. Qe2 O-O 10. b3 Bd4 11. Bb2 d5 12. h3 Re8 13. Na4 Bxb2 14. Nxb2 Bb7
15. Rad1 Qa5 16. Na4 Rad8 17. Kh1 g6 18. c4 d4 19. Qd2 Qc7 20. c5 Bc8 21. Nb2
Qe7 22. Qa5 Nh5 23. Nc4 Bxh3 24. Qd2 Bg4 25. Rc1 Qh4+ 26. Kg1 Nf4 27. f3 Qg3 28.
Bb1 Bh3 29. Rf2 Be6 30. Kh1 Bxc4 31. Rxc4 Re6 32. Rc1 g5 33. Kg1 Rh6 0-1

[Event "TCh-TUR Super League 2015"]
[Site "Kocaeli TUR"]
[Date "2015.08.13"]
[Round "11.6"]
[Board "1"]
[White "Kuzubov, Yuriy"]
[Black "Mamedov, Nidjat"]
[Result "0-1"]
[WhiteTitle "GM"]
[BlackTitle "GM"]
[WhiteElo "2638"]
[BlackElo "2597"]
[WhiteTeam "Tarsus Zeka Satranc Kulubu"]
[BlackTeam "Calli Sports Club"]
[WhiteFideId "14112906"]
[BlackFideId "13400819"]
[EventDate "2015.08.04"]

1. d4 Nf6 2. c4 e6 3. g3 d5 4. Nf3 Bb4+ 5. Bd2 Be7 6. Bg2 O-O 7. O-O c6 8. Bf4
dxc4 9. Ne5 Nd5 10. Nxc4 Nxf4 11. gxf4 Qc7 12. e3 c5 13. dxc5 Na6 14. Nc3 Nxc5
15. Nb5 Qb8 16. b4 Nd7 17. a3 Nf6 18. Rc1 Nd5 19. Bxd5 Rd8 20. Ne5 Rxd5 21. Qh5
g6 22. Qe2 f6 23. Nf3 Bd8 24. e4 Rd7 25. Qc4 a6 26. Nbd4 Rc7 27. Qd3 Rf7 28. e5
Bb6 29. Rfd1 Bd7 30. Qe2 Qf8 31. Rc3 Re8 32. Re1 Ba4 33. Re3 Bc6 34. Nxc6 Bxe3
35. fxe3 bxc6 36. Qxa6 g5 37. fxg5 fxg5 38. Nd4 c5 39. Nxe6 Qh6 40. Nxc5 Qh4 41.
Qe2 Ref8 42. Nd3 Qe4 43. b5 h5 44. e6 Rf3 45. Qg2 g4 46. Nc5 Qe5 47. Qc2 R8f5
48. Nd7 Qxe6 49. Qc8+ Kg7 50. Qc3+ Kf7 51. Rd1 Rxe3 52. Qb4 Kg7 53. b6 g3 54.
Qb2+ Kh7 55. Qc2 gxh2+ 56. Kh1 Kh6 57. Rd6 Re1+ 58. Kxh2 Qxd6+ 0-1

[Event "TCh-TUR Super League 2015"]
[Site "Kocaeli TUR"]
[Date "2015.08.13"]
[Round "11.6"]
[Board "2"]
[White "Ertan, Can"]
[Black "Mchedlishvili, Mikheil"]
[Result "0-1"]
[WhiteTitle "FM"]
[BlackTitle "GM"]
[WhiteElo "2238"]
[BlackElo "2605"]
[WhiteTeam "Calli Sports Club"]
[BlackTeam "Tarsus Zeka Satranc Kulubu"]
[WhiteFideId "6306330"]
[BlackFideId "13600966"]
[EventDate "2015.08.04"]

1. e4 c5 2. Nf3 d6 3. c3 Nf6 4. Qc2 Qc7 5. Bc4 Bg4 6. d4 Bxf3 7. gxf3 e6 8. Be3
Nbd7 9. Qe2 g6 10. Nd2 Bg7 11. Bb3 O-O 12. f4 cxd4 13. cxd4 e5 14. O-O exd4 15.
Bxd4 Nc5 16. Rac1 Qe7 17. Bd1 Ne6 18. Be3 Nh5 19. f5 Nef4 20. Qg4 Bxb2 21. fxg6
fxg6 22. Bb3+ Kh8 23. Rc2 Be5 24. Rfc1 Nf6 25. Qf3 Ne8 26. Rc8 Rxc8 27. Rxc8 Qd7
28. Rxe8 Qxe8 29. Nc4 Qc8 30. Kh1 Nd5 0-1

[Event "TCh-TUR Super League 2015"]
[Site "Kocaeli TUR"]
[Date "2015.08.13"]
[Round "11.6"]
[Board "3"]
[White "Keler, Faruk"]
[Black "Burcu, Cagatay"]
[Result "1/2-1/2"]
[WhiteElo "2286"]
[BlackElo "2178"]
[WhiteTeam "Tarsus Zeka Satranc Kulubu"]
[BlackTeam "Calli Sports Club"]
[WhiteFideId "6302734"]
[BlackFideId "6310630"]
[EventDate "2015.08.04"]

1. e4 e6 2. d4 d5 3. Nd2 dxe4 4. Nxe4 Nd7 5. Nf3 Ngf6 6. Nxf6+ Nxf6 7. c3 Be7 8.
Bd3 O-O 9. Qc2 b6 10. Bf4 Bb7 11. Ne5 Qd5 12. f3 c5 13. Bc4 Qd8 14. O-O-O Qc8
15. Bg5 Ba6 16. Bxa6 Qxa6 17. Nc6 Qb7 18. Nxe7+ Qxe7 19. dxc5 Qxc5 20. Bxf6 gxf6
21. Rd4 Rad8 22. Rhd1 Rxd4 23. Rxd4 Qe5 24. h3 f5 25. Qd2 Qf6 26. Rd7 a5 27. f4
Rc8 28. Qd4 Qh4 29. Qd2 b5 30. b3 Qf6 31. Kc2 b4 32. c4 Qa1 33. Kd3 Qf1+ 34. Ke3
a4 35. Qf2 Qc1+ 36. Kf3 Qc3+ 37. Qe3 axb3 38. axb3 Ra8 39. Qxc3 bxc3 40. Ke2
Ra2+ 41. Kd1 Kf8 42. c5 Ke8 43. Rb7 Kd8 44. Rxf7 Rb2 45. Rb7 Kc8 46. c6 Rxg2 47.
Rxh7 Rb2 48. Rb7 Rf2 49. Rb4 Rh2 50. Rc4 Rxh3 51. Kc2 Re3 52. b4 e5 53. fxe5
Rxe5 54. Kxc3 Kc7 55. Kd3 f4 56. Kd4 Rb5 57. Kc3 Rb6 58. Rxf4 Rxc6+ 59. Kb3 Kb6
60. Rf5 Rc1 1/2-1/2

[Event "TCh-TUR Super League 2015"]
[Site "Kocaeli TUR"]
[Date "2015.08.13"]
[Round "11.6"]
[Board "4"]
[White "Saba, Zafer Rabin"]
[Black "Goksel, Doga Cihan"]
[Result "1/2-1/2"]
[WhiteElo "1989"]
[BlackElo "2234"]
[WhiteTeam "Calli Sports Club"]
[BlackTeam "Tarsus Zeka Satranc Kulubu"]
[WhiteFideId "6329500"]
[BlackFideId "6301924"]
[EventDate "2015.08.04"]

1. e4 c5 2. Nf3 e6 3. d4 cxd4 4. Nxd4 a6 5. Bd3 Nf6 6. O-O d6 7. Qe2 Nbd7 8. c4
g6 9. Nc3 Bg7 10. Nf3 Qc7 11. Bf4 Nh5 1/2-1/2

[Event "TCh-TUR Super League 2015"]
[Site "Kocaeli TUR"]
[Date "2015.08.13"]
[Round "11.6"]
[Board "5"]
[White "Kaplan, Ebru"]
[Black "Mammadova, Gulnar"]
[Result "1-0"]
[BlackTitle "WGM"]
[WhiteElo "1902"]
[BlackElo "2313"]
[WhiteTeam "Tarsus Zeka Satranc Kulubu"]
[BlackTeam "Calli Sports Club"]
[WhiteFideId "6315194"]
[BlackFideId "13403508"]
[EventDate "2015.08.04"]

1. e4 g6 2. d4 Bg7 3. Nc3 c6 4. Nf3 d5 5. exd5 cxd5 6. Bb5+ Nc6 7. Ne5 Bxe5 8.
dxe5 d4 9. Bxc6+ bxc6 10. Ne2 c5 11. c3 Qd5 12. O-O Bb7 13. Nf4 Qxe5 14. Qa4+
Kf8 15. Bd2 Qd6 16. cxd4 cxd4 17. Rac1 Kg7 18. Rfe1 Nf6 19. Nd3 Be4 20. Bf4 Qd5
21. Rc5 Qb7 22. Rc7 Qd5 23. Rc5 Qb7 24. Rc7 Qb6 25. Nc5 Qxb2 26. Nxe4 Nxe4 27.
Be5+ Nf6 28. Bxd4 Qb8 29. Rcxe7 Qf4 30. g3 Qf5 31. Qc4 Rhf8 32. R1e6 Rac8 33.
Qb3 Kg8 34. Rxf6 Qh3 35. Bb2 Rb8 36. Rfxf7 1-0

[Event "TCh-TUR Super League 2015"]
[Site "Kocaeli TUR"]
[Date "2015.08.13"]
[Round "11.6"]
[Board "6"]
[White "Caliskan, Kerem"]
[Black "Komut, Burak"]
[Result "1/2-1/2"]
[WhiteElo "1758"]
[BlackElo "2007"]
[WhiteTeam "Calli Sports Club"]
[BlackTeam "Tarsus Zeka Satranc Kulubu"]
[WhiteFideId "6310699"]
[BlackFideId "6309984"]
[EventDate "2015.08.04"]

1. Nf3 Nf6 2. g3 d5 3. Bg2 c6 4. O-O g6 5. d3 Bg7 6. Nbd2 O-O 7. e4 e6 8. e5
Nfd7 9. d4 c5 10. c3 Nc6 11. Re1 Qb6 12. Nb3 cxd4 13. cxd4 f6 14. exf6 Nxf6 15.
Ng5 Ne4 16. Nxe4 dxe4 17. Be3 Rd8 18. Bxe4 Nxd4 19. Nxd4 Bxd4 20. Bxd4 Rxd4 21.
Qe2 Bd7 22. Rad1 Bb5 23. Qc2 Rad8 24. Rxd4 Rxd4 25. Bxg6 hxg6 26. Qxg6+ Kf8 27.
Qf6+ Kg8 28. Qg6+ Kf8 1/2-1/2

[Event "TCh-TUR Super League 2015"]
[Site "Kocaeli TUR"]
[Date "2015.08.13"]
[Round "11.6"]
[Board "7"]
[White "Sevgi, Volkan"]
[Black "Tasdogen, Dincer"]
[Result "1-0"]
[WhiteTitle "FM"]
[WhiteElo "2263"]
[BlackElo "1957"]
[WhiteTeam "Tarsus Zeka Satranc Kulubu"]
[BlackTeam "Calli Sports Club"]
[WhiteFideId "6325335"]
[BlackFideId "6367097"]
[EventDate "2015.08.04"]

1. e4 c5 2. Nc3 a6 3. g3 b5 4. Bg2 Bb7 5. d3 e6 6. Be3 Nf6 7. f4 Be7 8. Qe2 d5
9. e5 Nfd7 10. Bf2 Nc6 11. Nf3 Qc7 12. Nb1 O-O 13. O-O Rae8 14. c3 f6 15. exf6
Bxf6 16. d4 b4 17. Nbd2 a5 18. Rfe1 a4 19. a3 Qa5 20. axb4 cxb4 21. Nb3 Qb6 22.
Ne5 Ncb8 23. Nc5 Nxc5 24. dxc5 Qa5 25. cxb4 Qxb4 26. Nd3 Qb5 27. Qc2 Bc6 28. g4
h6 29. h4 Bd8 30. g5 hxg5 31. hxg5 Qc4 32. Qd1 Rf5 33. Rc1 Qa6 34. Bh3 Ba5 35.
Rxe6 Rxe6 36. Bxf5 Re7 37. Qh5 d4 38. Qh7+ Kf7 39. Bg6+ Ke6 40. Qh3+ Kd5 41.
Qf5+ 1-0

[Event "TCh-TUR Super League 2015"]
[Site "Kocaeli TUR"]
[Date "2015.08.13"]
[Round "11.6"]
[Board "8"]
[White "Uzun, Belemir"]
[Black "Okuyaz, Duru"]
[Result "0-1"]
[BlackTitle "WCM"]
[WhiteElo "1682"]
[BlackElo "1919"]
[WhiteTeam "Calli Sports Club"]
[BlackTeam "Tarsus Zeka Satranc Kulubu"]
[WhiteFideId "6365655"]
[BlackFideId "6346022"]
[EventDate "2015.08.04"]

1. d4 d5 2. c4 c6 3. Nf3 Nf6 4. Nc3 e6 5. e3 Nbd7 6. Qc2 Bd6 7. Bd3 O-O 8. O-O
e5 9. cxd5 cxd5 10. dxe5 Nxe5 11. Be2 Nfg4 12. g3 Nf6 13. Nxe5 Bxe5 14. Bf3 Be6
15. Rd1 Rc8 16. Bd2 Qb6 17. Be1 Rfd8 18. Qe2 a6 19. Rac1 d4 20. exd4 Bxd4 21.
Na4 Qa7 22. Bc3 Bxc3 23. Nxc3 Re8 24. Qf1 b5 25. a3 Qb6 26. Qg2 h6 27. Ne4 Nxe4
28. Bxe4 Bc4 29. Qf3 b4 30. Rd7 Qe6 31. Bf5 Qe1+ 32. Rxe1 Rxe1+ 33. Kg2 Bf1+ 34.
Kg1 Bh3# 0-1

[Event "TCh-TUR Super League 2015"]
[Site "Kocaeli TUR"]
[Date "2015.08.13"]
[Round "11.7"]
[Board "3"]
[White "Arig, Busra"]
[Black "Solak, Dragan"]
[Result "0-1"]
[BlackTitle "GM"]
[WhiteElo "1783"]
[BlackElo "2622"]
[WhiteTeam "Ankara Demirspor Kulubu"]
[BlackTeam "Besiktas Jimnastik Kulubu"]
[WhiteFideId "6309356"]
[BlackFideId "916811"]
[EventDate "2015.08.04"]

1. d4 d6 2. Nf3 g6 3. e4 Bg7 4. Bd3 c5 5. dxc5 Qa5+ 6. c3 Qxc5 7. Be3 Qc7 8. O-O
Nf6 9. Nbd2 O-O 10. Nd4 Nc6 11. Rc1 Ne5 12. Be2 a6 13. h3 b6 14. f4 Ned7 15. Bf3
Bb7 16. Qe2 e5 17. N4b3 d5 18. exd5 Nxd5 19. fxe5 Nxe5 20. Bxd5 Bxd5 21. Bf4
Rfe8 22. Qf2 Qb7 23. Qg3 b5 24. Kh1 Nc4 25. Nc5 Qc6 26. Nxc4 Qxc5 27. Ne3 Bxa2
28. Rfe1 h5 29. Nc2 Bd5 30. Nd4 Bb7 31. Rxe8+ Rxe8 32. Re1 Re4 33. Rxe4 Bxe4 34.
Be3 Qd5 35. Qf2 a5 36. Kg1 b4 37. cxb4 axb4 38. b3 Bf8 39. Qd2 Bd6 40. Qf2 Qe5
41. Nf3 Bxf3 42. Qxf3 Qa1+ 43. Kf2 Qb2+ 44. Qe2 Qxb3 45. Bd4 Bg3+ 46. Kg1 Qb1+
47. Qf1 Bh2+ 48. Kf2 Qf5+ 49. Ke2 Qe4+ 50. Be3 Qc4+ 51. Kf2 Qxf1+ 52. Kxf1 Be5 0-1

[Event "TCh-TUR Super League 2015"]
[Site "Kocaeli TUR"]
[Date "2015.08.13"]
[Round "11.7"]
[Board "5"]
[White "Gyokbulut, Julia"]
[Black "Ozturk, Kubra"]
[Result "0-1"]
[WhiteTitle "WFM"]
[BlackTitle "WGM"]
[WhiteElo "1975"]
[BlackElo "2240"]
[WhiteTeam "Ankara Demirspor Kulubu"]
[BlackTeam "Besiktas Jimnastik Kulubu"]
[WhiteFideId "4153979"]
[BlackFideId "6302599"]
[EventDate "2015.08.04"]

1. d4 Nf6 2. c4 g6 3. Nc3 d5 4. Bf4 Bg7 5. e3 O-O 6. Nf3 c5 7. dxc5 Ne4 8. Be5
Bxe5 9. Nxe5 Nxc3 10. bxc3 Qa5 11. Qb3 Qc7 12. Nf3 Nd7 13. cxd5 Nxc5 14. Qc4 e6
15. Be2 exd5 16. Qxd5 Be6 17. Qe5 Rac8 18. Qxc7 Rxc7 19. Nd4 Ne4 20. Nxe6 fxe6
21. O-O Nxc3 22. Bg4 Kf7 23. g3 b5 24. a3 Ke7 25. h4 e5 26. h5 a5 27. hxg6 hxg6
28. Kg2 Rc4 29. Bh3 g5 30. Rac1 b4 31. axb4 axb4 32. f4 gxf4 33. gxf4 e4 34. Ra1
Rc7 35. Ra6 Rf6 36. Ra8 Nd5 37. Rf2 Nxe3+ 38. Kg3 Nd5 39. Bg4 Nxf4 40. Bd1 Rc3+
41. Kg4 Nd5 42. Ra7+ Ke6 43. Rxf6+ Kxf6 44. Be2 Ke5 45. Rb7 Rc2 46. Bb5 Rg2+ 47.
Kh4 Rg6 48. Bc4 Rb6 49. Rd7 Kf4 50. Rf7+ Rf6 51. Rh7 Ne3 52. Bb3 Nf5+ 53. Kh3
Rh6+ 54. Rxh6 Nxh6 55. Kg2 Ke3 56. Bd5 Kd4 57. Ba2 Kd3 58. Kf2 Kd2 0-1

[Event "TCh-TUR Super League 2015"]
[Site "Kocaeli TUR"]
[Date "2015.08.13"]
[Round "11.7"]
[Board "6"]
[White "Arat, Ufuk Sezen"]
[Black "Yuksel, Atilla Koksal"]
[Result "1-0"]
[WhiteTitle "FM"]
[BlackTitle "CM"]
[WhiteElo "2409"]
[BlackElo "2103"]
[WhiteTeam "Besiktas Jimnastik Kulubu"]
[BlackTeam "Ankara Demirspor Kulubu"]
[WhiteFideId "6309089"]
[BlackFideId "6306667"]
[EventDate "2015.08.04"]

1. d4 e6 2. c4 b6 3. e4 Bb7 4. Bd3 g6 5. Ne2 Bg7 6. Nbc3 d6 7. Be3 Nd7 8. Qd2
Ngf6 9. f3 c5 10. d5 Ne5 11. O-O exd5 12. exd5 O-O 13. b3 Nxd3 14. Qxd3 Nd7 15.
Rae1 Ne5 16. Qd2 Bc8 17. h3 f5 18. Bg5 Bf6 19. Bxf6 Qxf6 20. Nf4 Bd7 21. Ne6
Rfc8 22. f4 Nf7 23. g4 Nd8 24. g5 Qf7 25. Re3 Nxe6 26. dxe6 Bxe6 27. Rfe1 Re8
28. Qxd6 Qd7 29. Qxd7 Bxd7 30. Nd5 Kf8 31. Nf6 Rxe3 32. Rxe3 Bc6 33. Re6 Rc8 34.
Nxh7+ Kf7 35. Rd6 b5 36. Kf2 bxc4 37. bxc4 Rc7 38. Rf6+ Kg8 39. Nf8 Be4 40. Ne6
Rb7 41. Rxg6+ Kf7 42. Rf6+ Ke7 43. Nxc5 Rb2+ 44. Ke3 Bb1 45. Re6+ Kf7 46. Ra6
Bxa2 47. Rxa7+ Kg6 48. Nd3 1-0